| 000 | 01187cam a2200325 i 4500 | ||
|---|---|---|---|
| 001 | 48937 | ||
| 003 | Mx-PuUPA | ||
| 005 | 20240410104033.0 | ||
| 008 | 140415s2004 mx a r 000 0 spa d | ||
| 020 | _a9701047109 | ||
| 040 |
_aMX-PuUPA _bspa _erda _cMx-PuUPA _dMx-PuUPA |
||
| 041 | 1 |
_aspa _heng |
|
| 100 | 1 |
_aGoldsby, Richard A., _eautor _93244 |
|
| 240 |
_aImmunology. _lEspañol |
||
| 245 | 1 | 0 |
_aInmunología / _cRichard A. Goldsby, Thomas J. Kindt, Barbara A. Osborne [y otro] ; traducción, Jorge Orizaga Samperio [y otros dos]. |
| 250 | _aPrimera edición | ||
| 264 | 1 |
_aMéxico, D. F. : _bMcGraw-Hill Interamericana Editores, _c2004 |
|
| 300 |
_axxvi, 665 páginas : _bilustraciones (principalmente color) ; _c28 cm. |
||
| 336 |
_atexto _2rdacontent _btxt |
||
| 337 |
_asin medio _2rdamedia _bn |
||
| 338 |
_avolumen _2rdacarrier _bnc |
||
| 650 | 4 | _aInmunología | |
| 700 | 1 |
_aKindt, Thomas J., _d1939- _eautor _93242 |
|
| 700 | 1 |
_aOsborne, Barbara Anne, _eautor _94969 |
|
| 700 | 1 |
_aOrizaga Samperio, Jorge, _etraductor |
|
| 765 | 0 | 8 |
_aGoldsby, Richard A., _tImmunology |
| 942 |
_2ddc _cLI _h616.079 _iI57 |
||
| 999 |
_c48937 _d48937 |
||